| 000 | 00427nam a22001817a 4500 | ||
|---|---|---|---|
| 003 | MPLRDC | ||
| 005 | 20220104144201.0 | ||
| 008 | 210129b ||||| |||| 00| 0 eng d | ||
| 020 | _a7-5072-0320-4 | ||
| 082 | _a823 SSY | ||
| 100 | _a史双元 | ||
| 245 |
_a宋词与佛道思想 _c |
||
| 250 | _a初版 | ||
| 260 |
_a _b今日中国出版社 _c1992 |
||
| 300 | _b平 | ||
| 650 | _a词论、词话 | ||
| 942 |
_cBK _o823 SSY |
||
| 999 |
_c47179 _d47169 |
||